| 000 | 01008nam a2200313 i 4500 | ||
|---|---|---|---|
| 001 | 19197 | ||
| 003 | ES-MaACL | ||
| 005 | 20240219213311.0 | ||
| 007 | t| | ||
| 008 | 020612s2001 sp ||||1| spa d | ||
| 020 | _a84-8460-162-5 | ||
| 080 | _a929 Franco Bahamonde, Francisco | ||
| 080 | _a94(460)"1939/75" | ||
| 080 | _a32(460)"1975/82" | ||
| 100 | 1 |
_aCardona, Gabriel. _935176 |
|
| 245 | 1 | 0 |
_aFranco y sus generales _b: la manicura del tigre / _cGabriel Cardona. |
| 250 | _a1ª ed. | ||
| 260 |
_aMadrid : _bTemas de Hoy, _c2001. |
||
| 300 |
_a341 p. ; _c24 cm. |
||
| 490 | 1 | _aHistoria | |
| 504 | _aBibliografía: p. 325-329. | ||
| 600 | 1 | 4 |
_aFranco Bahamonde, Francisco, _d1892-1975 _952240 |
| 650 | 4 |
_aGenerales- _zEspaña- _yS.XX- _xBiografías. _913055 |
|
| 651 | 4 |
_aEspaña- _xHistoria- _y1936-1939, Guerra civil. _98292 |
|
| 651 | 4 |
_aEspaña- _xHistoria- _y1939-1975, Dictadura. _9167928 |
|
| 830 | 1 |
_aHistoria _9177536 |
|
| 852 |
_aES-MaACL _jL-25631 |
||
| 999 |
_c19197 _d19197 |
||